00416nam a2200157Ia 4500008004100000041000800041082001100049100003000060245006100090250000800151260002400159300000900183542001500192551002700207650002400234220531s9999 xx 000 0 und d aeng a-bKHE aKhedkar, B. D. And Others aIndustrial Economic Environment, (m. Com. - Ii, Sem.-iv) a1ST aPunebSuccessc2014 a6.37 d03-03-2015 aCommercebNon-grant--C aIndustrial Economic